000
00241nam a2200097Ia 4500
001
653949
005
20250826154508.0
008
250824s9999 xx 000 0 und d
245
0
_a
IŞIK DOĞUDAN GELİR
_c
CEMİL MERİÇ
260
_b
İLETİŞİM
999
_c
653949
_d
653949